Vista normal
Vista MARC
Entrada Término temático
Número de registros utilizados en: 6
001 - NÚMERO DE CONTROL
- campo de control: 86655
003 - IDENTIFICADOR DEL NÚMERO DE CONTROL
- campo de control: DO-SdBNP
005 - FECHA Y HORA DE LA ÚLTIMA TRANSACCIÓN
- campo de control: 20240930115312.0
008 - DATOS DE LONGITUD FIJA
- campo de control de longitud fija: 240930|| aca||aabn | a|a d
040 ## - FUENTE DE LA CATALOGACIÓN
- Centro catalogador/agencia de origen: DO-SdBNP
- Centro/agencia transcriptor: DO-SdBNP
150 ## - ENCABEZAMIENTO--TÉRMINO DE MATERIA
- Término de materia o nombre geográfico como elemento de entrada: Investigación
- Subdivisión general: Metodología
670 ## - FUENTE DE DATOS ENCONTRADOS
- Cita de la fuente: Work cat.: (DO-SdBNP)43704: Rodríguez Castillo, Príamo, 1943- 72218, Metodología de la investigación aplicada /, 2009.
